[Event "Lichtenberger Sommer 2017"]
[Site "Berlin"]
[Date "2017.08.21"]
[Round "3.98"]
[White "Krüger, Antje-Christine"]
[Black "Mueller, Jörg René"]
[Result "0-1"]
[WhiteElo "1505"]
[BlackElo "1553"]
[PlyCount "105"]
[EventDate "2017.??.??"]
[WhiteTeam "TSG Fredersdorf/Vogelsdorf"]
[BlackTeam "SC Zugzwang 95 (Berlin)"]

1. d4 f5 2. Nf3 Nf6 3. e3 d6 4. c4 g6 5. Nc3 c6 6. Be2 Bg7 7. O-O O-O 8. Bd2
Nbd7 9. Rc1 Nb6 10. b3 a6 11. c5 dxc5 12. dxc5 Nbd7 13. b4 Kh8 14. Qb3 Qe8 15.
Bc4 Ne4 16. Nxe4 fxe4 17. Ng5 Ne5 18. Ne6 Bxe6 19. Bxe6 Rd8 20. Bc3 Rd3 21. Qb2
Rxc3 22. Rxc3 Nd3 23. Qc2 Nxb4 24. Qb3 Nd3 25. Rc2 Qb8 26. Bc4 Nxc5 27. Qb1 b5
28. Bb3 Qe5 29. Rcc1 a5 30. a3 a4 31. Ba2 Rc8 32. Rfd1 Bf6 33. Rd4 Nd3 34. Rxd3
exd3 35. Qxd3 Qd6 36. Qe2 Qxa3 37. Rd1 Qb2 38. Rd2 Qb4 39. Be6 Rf8 40. Qd1 Qa5
41. Rd7 Qb6 42. h3 c5 43. Qd5 b4 44. Rb7 Qd6 45. Qe4 b3 46. Ra7 b2 47. Ra8
b1=Q+ 48. Qxb1 Rxa8 49. Ba2 Rb8 50. Qc1 Rb4 51. g4 Rb3 52. Qc4 Qd1+ 53. Kg2 0-1

[Event "Lichtenberger Sommer 2017"]
[Site "Berlin"]
[Date "2017.08.21"]
[Round "3.99"]
[White "Ni Mhuireagain, Eibhia"]
[Black "Paris, Gerhard"]
[Result "1-0"]
[WhiteElo "1521"]
[BlackElo "1486"]
[PlyCount "81"]
[EventDate "2017.??.??"]
[WhiteTeam "The Ross Chess Club"]
[BlackTeam "TSG Oberschöneweide"]

1. e4 e5 2. Nf3 d6 3. d4 exd4 4. Nxd4 g6 5. Nc3 Bg7 6. Be3 Nf6 7. Qd2 Ng4 8.
Bg5 Bf6 9. Bxf6 Nxf6 10. O-O-O O-O 11. h4 Bg4 12. f3 Bd7 13. g4 Nc6 14. h5 Nxd4
15. Qxd4 Be6 16. Nd5 Nxd5 17. exd5 Qg5+ 18. Kb1 Bd7 19. Bd3 Qe5 20. Qf2 Qf4 21.
hxg6 fxg6 22. Qh4 Qf7 23. f4 Qg7 24. f5 g5 25. Qh2 Rf6 26. Rdf1 h6 27. Rf3 Re8
28. Rh3 Re7 29. a3 Qh8 30. Rxh6 Rxh6 31. Qxh6 Re1+ 32. Ka2 Rxh1 33. Qxg5+ Qg7
34. Qd8+ Qf8 35. Qxd7 Rh7 36. Qe6+ Qf7 37. f6 Rh6 38. g5 Rh4 39. g6 Qxe6 40.
dxe6 Rf4 41. e7 1-0

[Event "Lichtenberger Sommer 2017"]
[Site "Berlin"]
[Date "2017.08.21"]
[Round "3.100"]
[White "Toth, Hans-Jürgen"]
[Black "Völler, Lothar"]
[Result "0-1"]
[WhiteElo "1546"]
[BlackElo "1714"]
[PlyCount "86"]
[EventDate "2017.??.??"]
[WhiteTeam "SF Zehdenick"]
[BlackTeam "FS Dortmund"]

1. f4 e5 2. fxe5 d6 3. exd6 Bxd6 4. Nf3 g5 5. g3 g4 6. Nh4 Ne7 7. d4 Ng6 8.
Nxg6 hxg6 9. Bg2 Rxh2 10. O-O Bxg3 11. Qd3 Qd6 12. Qe4+ Qe7 13. Qxe7+ Kxe7 14.
Bf4 Bxf4 15. Rxf4 Rh8 16. Nc3 c6 17. Raf1 f5 18. d5 Rd8 19. Rd1 a6 20. Rfd4 Kf6
21. e4 f4 22. Kf2 b5 23. dxc6 Rxd4 24. Rxd4 f3 25. Bf1 Nxc6 26. Rd6+ Kg5 27.
Rxc6 Bb7 28. Rb6 Ra7 29. Kg3 Ba8 30. Rb8 Bc6 31. Rc8 Bd7 32. Rc5+ Kh6 33. Bd3
b4 34. Nd5 a5 35. Nf6 Be6 36. Nxg4+ Bxg4 37. Kxg4 Rf7 38. Rxa5 f2 39. Bf1 Rc7
40. Bd3 Rxc2 41. Kg3 Rxb2 42. Kg2 Rd2 43. Bc4 Rb2 0-1

[Event "Lichtenberger Sommer 2017"]
[Site "Berlin"]
[Date "2017.08.21"]
[Round "3.101"]
[White "Kreuchauf, Olaf"]
[Black "Kultscher, Christian"]
[Result "1-0"]
[WhiteElo "1691"]
[BlackElo "1257"]
[PlyCount "139"]
[EventDate "2017.??.??"]
[WhiteTeam "SC Eintracht Berlin"]
[BlackTeam "1. SC Anhalt"]

1. d4 d5 2. c4 e6 3. Nf3 Nf6 4. g3 Nbd7 5. Bg2 c5 6. cxd5 exd5 7. Nc3 b5 8. a3
Bb7 9. O-O Be7 10. dxc5 Nxc5 11. Nxb5 Qb6 12. Nbd4 O-O 13. b4 Nce4 14. Bb2 Rfc8
15. Nf5 Bf8 16. Bd4 Qe6 17. Bh3 g6 18. Nh6+ Bxh6 19. Bxe6 fxe6 20. e3 Nc3 21.
Qb3 Ne2+ 22. Kg2 Ne4 23. Ra2 Ba6 24. Re1 Nxd4 25. Nxd4 Bc4 26. Qb2 Bxa2 27.
Qxa2 Kf7 28. a4 Bf8 29. b5 Rc4 30. Nc6 Ke8 31. Qa1 Rc3 32. Rc1 Bg7 33. Rxc3
Nxc3 34. Qa3 Bf6 35. Qd6 Kf7 36. Qd7+ Kg8 37. Qxe6+ Kg7 38. Ne5 Rf8 39. Nd7 Rf7
40. Nxf6 Rxf6 41. Qe5 Nxa4 42. g4 h6 43. h4 g5 44. hxg5 hxg5 45. Qxg5+ Rg6 46.
Qe7+ Kh6 47. f3 Nc3 48. Qf8+ Rg7 49. Qf6+ Kh7 50. Qxc3 Rb7 51. f4 Kg8 52. Qc6
Rg7 53. Qxd5+ Kh8 54. Qd4 a6 55. Qxg7+ Kxg7 56. bxa6 Kg6 57. a7 Kf6 58. a8=Q
Kg6 59. e4 Kg7 60. e5 Kg6 61. Qc6+ Kg7 62. e6 Kf6 63. Qd7 Kg6 64. f5+ Kg5 65.
e7 Kxg4 66. f6+ Kg5 67. f7 Kg6 68. f8=Q Kg5 69. Qd5+ Kg6 70. Qdf5# 1-0

[Event "Lichtenberger Sommer 2017"]
[Site "Berlin"]
[Date "2017.08.21"]
[Round "3.102"]
[White "Nimptsch, Nikolas"]
[Black "Kretzschmar, Gerald"]
[Result "1-0"]
[WhiteElo "1379"]
[BlackElo "1360"]
[PlyCount "89"]
[EventDate "2017.??.??"]
[WhiteTeam "Leegebrucher SF"]
[BlackTeam "USV Halle"]

1. e4 c6 2. Nf3 d5 3. exd5 cxd5 4. d4 Nc6 5. Bf4 Nf6 6. Nc3 Bf5 7. Bb5 a6 8.
Bxc6+ bxc6 9. Ne5 Qb6 10. Na4 Qa5+ 11. c3 Rc8 12. O-O e6 13. b4 Qb5 14. Qb3 Be7
15. Nc5 O-O 16. a4 Qe2 17. Ra2 Qh5 18. Nxa6 Ng4 19. Qd1 Qh4 20. Bg3 Qg5 21. Qd2
Nxe5 22. Qxg5 Bxg5 23. Bxe5 Bd3 24. Nc5 Bxf1 25. Kxf1 f6 26. Bg3 Rf7 27. Nxe6
Re7 28. Nxg5 fxg5 29. Be5 Ra7 30. a5 Kf7 31. Ke2 g6 32. f3 Ke6 33. Kd3 h6 34.
Re2 Kd7 35. h3 Re8 36. c4 Ke6 37. Bb8+ Kf7 38. Rxe8 dxc4+ 39. Kxc4 Rb7 40. Rc8
Ke6 41. a6 Rb6 42. a7 Kd7 43. Rc7+ Kd8 44. a8=Q Rxb8 45. Qxb8# 1-0

[Event "Lichtenberger Sommer 2017"]
[Site "Berlin"]
[Date "2017.08.21"]
[Round "3.103"]
[White "Petersen, Sophie"]
[Black "Winkler, Michael"]
[Result "0-1"]
[WhiteElo "1437"]
[BlackElo "1690"]
[PlyCount "85"]
[EventDate "2017.??.??"]
[WhiteTeam "SV Rüdersdorf"]
[BlackTeam "ESV Eberswalde"]

1. e4 c5 2. Nf3 Nc6 3. d4 cxd4 4. Nxd4 e5 5. Nxc6 bxc6 6. Nc3 Bb4 7. Bd2 Nf6 8.
Bd3 O-O 9. O-O d5 10. Qe2 d4 11. Nb1 a5 12. Bxb4 axb4 13. Nd2 Bg4 14. f3 Bh5
15. Nc4 Nd7 16. Kh1 Qe7 17. Qf2 Bg6 18. Qg3 f5 19. a3 f4 20. Qe1 b3 21. cxb3
Nc5 22. Be2 Nxb3 23. Rb1 Rab8 24. Nd2 Bf7 25. Bc4 Bxc4 26. Nxc4 Rfd8 27. Qf2
Rb5 28. Nd2 Qe6 29. Qe2 d3 30. Qd1 Nd4 31. b4 Ne2 32. Qb3 Rd6 33. Qxe6+ Rxe6
34. Rb3 Rd6 35. a4 Rb8 36. a5 Rd4 37. Rfb1 c5 38. bxc5 Rxb3 39. Nxb3 Rb4 40. a6
Ra4 41. Rd1 Rxa6 42. Rxd3 Nd4 43. Nxd4 0-1

[Event "Lichtenberger Sommer 2017"]
[Site "Berlin"]
[Date "2017.08.21"]
[Round "3.104"]
[White "Roloff, Karsten"]
[Black "Plaza Reino, Leire"]
[Result "1-0"]
[WhiteElo "1588"]
[BlackElo "1253"]
[PlyCount "103"]
[EventDate "2017.??.??"]
[WhiteTeam "Königsjäger Süd-West"]
[BlackTeam "Enniscorthy Chess Club"]

1. d4 f5 2. Nf3 Nf6 3. Bf4 e6 4. e3 d5 5. Nbd2 Be7 6. Be2 O-O 7. h3 Bd7 8. O-O
Be8 9. c4 c6 10. cxd5 cxd5 11. Qb3 b6 12. Rac1 Bh5 13. Bd3 Nbd7 14. Ba6 e5 15.
Nxe5 Nxe5 16. Bxe5 Bd6 17. Bxd6 Qxd6 18. Rc2 Rab8 19. Bd3 Rfc8 20. Bxf5 Rxc2
21. Qxc2 Re8 22. Rc1 Qe7 23. Qc7 Qxc7 24. Rxc7 a6 25. Rc6 Rb8 26. Rd6 Bf7 27.
Rc6 Be8 28. Rc8 Rxc8 29. Bxc8 a5 30. Nf3 Kf8 31. Bf5 g6 32. Bd3 Ke7 33. Kf1 Kd6
34. Ke2 Bc6 35. Ne5 Bb7 36. Bb5 Ne4 37. g4 Ng5 38. h4 Ne6 39. f4 Ke7 40. Nd7
Kf7 41. Nxb6 Kf6 42. Nd7+ Ke7 43. Ne5 Kf6 44. Nd7+ Ke7 45. Nc5 Bc8 46. Kf3 Kf7
47. Bc6 Nc7 48. Nb7 Ke7 49. Nxa5 Kd6 50. b4 Na6 51. b5 Nc7 52. a4 1-0

[Event "Lichtenberger Sommer 2017"]
[Site "Berlin"]
[Date "2017.08.21"]
[Round "3.105"]
[White "Lange, Malina"]
[Black "Lange, Christoph"]
[Result "1-0"]
[WhiteElo "1579"]
[BlackElo "1292"]
[PlyCount "85"]
[EventDate "2017.??.??"]
[WhiteTeam "TuS Makkabi Berlin"]
[BlackTeam "TSG Oberschöneweide"]

1. e4 e5 2. Nf3 Nc6 3. Bc4 Bc5 4. O-O Nf6 5. d3 h6 6. c3 d5 7. exd5 Nxd5 8. Re1
Qd6 9. d4 Bb6 10. dxe5 Qc5 11. Bxd5 Qxf2+ 12. Kh1 Be6 13. Bxc6+ bxc6 14. b4 Rd8
15. Qe2 Qxe2 16. Rxe2 Rd1+ 17. Re1 Rxe1+ 18. Nxe1 O-O 19. Nf3 Rd8 20. Nbd2 a5
21. a4 axb4 22. cxb4 Be3 23. h3 Rb8 24. Ba3 Rd8 25. Nf1 Bf2 26. Rc1 Kh7 27. g4
Bb3 28. Rxc6 Bxa4 29. Rxc7 Rd1 30. Kg2 Bb6 31. Rxf7 Bb5 32. N1d2 Be3 33. Ne4
Bc4 34. Rc7 Bd5 35. Rd7 Rd3 36. Nf6+ Kg6 37. Nxd5 Rxa3 38. Nxe3 Rxe3 39. b5 Rb3
40. b6 Rb2+ 41. Kg3 Kh7 42. b7 Rb6 43. Nd4 1-0

[Event "Lichtenberger Sommer 2017"]
[Site "Berlin"]
[Date "2017.08.21"]
[Round "3.106"]
[White "Kossueva, Fatima"]
[Black "Gräbnitz, Marc-Florian"]
[Result "0-1"]
[WhiteElo "1410"]
[BlackElo "1465"]
[PlyCount "54"]
[EventDate "2017.??.??"]
[WhiteTeam "SC Friesen Lichtenberg"]
[BlackTeam "SC Eintracht Berlin"]

1. e4 d6 2. d4 Nf6 3. Nc3 g6 4. f4 Bg7 5. Nf3 O-O 6. Bd3 c5 7. d5 a6 8. a4 Bg4
9. O-O Nbd7 10. h3 Bxf3 11. Qxf3 Qa5 12. Bd2 Qb6 13. Kh1 Rab8 14. Rfe1 Qc7 15.
Ne2 c4 16. Ng3 cxd3 17. Qxd3 Nc5 18. Qa3 Rfc8 19. b4 Ncd7 20. Rac1 Nb6 21. Be3
Nc4 22. Qb3 Nxe3 23. Rxe3 Qc4 24. Qxc4 Rxc4 25. c3 Rbc8 26. Ne2 Rxe4 27. Rxe4
Nxe4 0-1

[Event "Lichtenberger Sommer 2017"]
[Site "Berlin"]
[Date "2017.08.21"]
[Round "3.107"]
[White "Jouani, Zakharia"]
[Black "Tschirschwitz, Stephan"]
[Result "1/2-1/2"]
[WhiteElo "1158"]
[BlackElo "1584"]
[PlyCount "89"]
[EventDate "2017.??.??"]
[WhiteTeam "Schachpinguine Berlin"]
[BlackTeam "Lasker Steglitz-Wilmersdorf"]

1. d4 Nf6 2. c4 e6 3. Nc3 d5 4. Bg5 Be7 5. Nf3 c6 6. e3 O-O 7. Bd3 Nbd7 8. Qc2
h6 9. Bf4 b6 10. O-O Nh5 11. Ne2 Nxf4 12. Nxf4 Bd6 13. Ne2 e5 14. cxd5 cxd5 15.
Qc6 Rb8 16. Qxd6 e4 17. Ne5 exd3 18. Nc6 Qf6 19. Qxf6 Nxf6 20. Nxb8 dxe2 21.
Rfe1 Bb7 22. Rxe2 Rxb8 23. Rc1 Ne4 24. f3 Nd6 25. a4 Ba6 26. Rec2 Bc4 27. g4 f5
28. h3 g6 29. Re1 Re8 30. Kg2 a6 31. Kg3 Kf7 32. Rc3 a5 33. b3 Ba6 34. Rc7+ Ke6
35. Rc6 Rb8 36. h4 Kd7 37. Rc3 Rc8 38. Rec1 Rxc3 39. Rxc3 Bb7 40. Kf4 Nf7 41.
Rc2 fxg4 42. fxg4 Bc6 43. Rc3 Kd6 44. Rc2 Bd7 45. g5 1/2-1/2

[Event "Lichtenberger Sommer 2017"]
[Site "Berlin"]
[Date "2017.08.21"]
[Round "3.108"]
[White "Fiedler, Ronald"]
[Black "Kossueva, Aminat"]
[Result "1-0"]
[WhiteElo "1631"]
[BlackElo "1037"]
[PlyCount "67"]
[EventDate "2017.??.??"]
[WhiteTeam "Läufer Reinickendorf"]
[BlackTeam "SC Friesen Lichtenberg"]

1. d4 d5 2. c4 dxc4 3. e4 e6 4. Bxc4 Nf6 5. Bg5 Be7 6. Nc3 O-O 7. Nf3 Nbd7 8.
O-O b6 9. Rc1 Bb7 10. Bd3 c5 11. Bb1 cxd4 12. Nxd4 Nc5 13. Re1 Re8 14. Qc2 h6
15. Bxf6 Bxf6 16. Nf3 e5 17. Red1 Qc7 18. Nb5 Qc6 19. Nd6 Re6 20. Nxb7 Qxb7 21.
b4 Na6 22. a3 Rd8 23. Rxd8+ Bxd8 24. Qc8 Qxc8 25. Rxc8 Rd6 26. Bc2 f6 27. Kf1
Kf7 28. Bb3+ Ke7 29. Ke2 b5 30. Nh4 Kf8 31. Nf5 Rd7 32. Be6 Ke8 33. Bxd7+ Kxd7
34. Rc2 1-0

[Event "Lichtenberger Sommer 2017"]
[Site "Berlin"]
[Date "2017.08.21"]
[Round "3.109"]
[White "Chapiro, Daniel"]
[Black "Polatel, Nur"]
[Result "0-1"]
[WhiteElo "837"]
[BlackElo "1355"]
[PlyCount "88"]
[EventDate "2017.??.??"]
[WhiteTeam "SC Friesen Lichtenberg"]
[BlackTeam "SC Zugzwang 95 (Berlin)"]

1. e4 e5 2. Bc4 Nf6 3. d3 Nc6 4. Nf3 Be7 5. O-O O-O 6. Nc3 d6 7. d4 Bg4 8. dxe5
dxe5 9. h3 Qxd1 10. Rxd1 Bxf3 11. gxf3 Nd4 12. Kg2 Nxc2 13. Rb1 Nd4 14. f4 Nc6
15. f3 Bc5 16. a3 Rfd8 17. f5 Rxd1 18. Nxd1 Nh5 19. Nc3 Nd4 20. b4 Be7 21. Nd5
Bh4 22. Be3 c6 23. Bxd4 cxd5 24. Bxd5 exd4 25. Rd1 Nf4+ 26. Kf1 Nxd5 27. exd5
Bf6 28. f4 h6 29. Kf2 Rd8 30. Ke2 Rxd5 31. Kd3 Rxf5 32. Ke4 Rh5 33. Rh1 a5 34.
Kf3 axb4 35. axb4 Rb5 36. Rb1 Kf8 37. Ke4 Ke7 38. Kd3 Kd6 39. Kc4 Rh5 40. Rh1
g5 41. Rf1 Rxh3 42. fxg5 Rc3+ 43. Kb5 Bxg5 44. Rxf7 d3 0-1

[Event "Lichtenberger Sommer 2017"]
[Site "Berlin"]
[Date "2017.08.22"]
[Round "4.1"]
[White "Stern, René"]
[Black "Barath M"]
[Result "1/2-1/2"]
[WhiteElo "2499"]
[BlackElo "2285"]
[PlyCount "108"]
[EventDate "2017.??.??"]
[WhiteTeam "SK König Tegel"]
[BlackTeam "SC Zugzwang 95 (Berlin)"]

1. Nf3 Nf6 2. c4 g6 3. Nc3 Bg7 4. e4 d6 5. d4 O-O 6. Be2 e5 7. d5 a5 8. Bg5 h6
9. Bh4 Na6 10. Nd2 Qe8 11. O-O Nh7 12. a3 Bd7 13. b3 h5 14. f3 Bh6 15. Rb1 Be3+
16. Kh1 Bc5 17. Qc1 f5 18. exf5 gxf5 19. f4 e4 20. Rd1 Qg6 21. Nf1 Nf6 22. h3
e3 23. Nxe3 Rae8 24. Rd3 Kh7 25. Bf1 Ne4 26. Ned1 Qf7 27. Ne2 b5 28. Ne3 b4 29.
a4 Bb6 30. Nd1 Rg8 31. Qb2 Rg6 32. Nd4 Nac5 33. Re3 Reg8 34. Nf3 Ng3+ 35. Bxg3
Rxg3 36. Ng5+ R8xg5 37. fxg5 Ne4 38. Rf3 Qe7 39. g6+ Kg8 40. Bd3 Rxf3 41. gxf3
Qh4 42. Qg2 f4 43. Bxe4 Bxh3 44. Qd2 Bf5+ 45. Qh2 Qe1+ 46. Kg2 Bxe4 47. Qxf4
Qg1+ 48. Kh3 Qh1+ 49. Kg3 h4+ 50. Kg4 Qg2+ 51. Kxh4 Qh1+ 52. Kg3 Qg1+ 53. Kh3
Qh1+ 54. Kg3 Qg1+ 1/2-1/2

[Event "Lichtenberger Sommer 2017"]
[Site "Berlin"]
[Date "2017.08.22"]
[Round "4.2"]
[White "Polatel, Ali"]
[Black "Colpe, Malte"]
[Result "1-0"]
[WhiteElo "2221"]
[BlackElo "2424"]
[PlyCount "101"]
[EventDate "2017.??.??"]
[WhiteTeam "SC Zugzwang 95 (Berlin)"]
[BlackTeam "Hamburger SK"]

1. c4 e6 2. g3 d5 3. Bg2 Nf6 4. Nf3 Be7 5. O-O O-O 6. b3 d4 7. e3 c5 8. exd4
cxd4 9. Re1 Nc6 10. Ne5 Nxe5 11. Rxe5 Nd7 12. Re1 a5 13. d3 Nc5 14. Na3 Bd7 15.
Nc2 Bc6 16. Bxc6 bxc6 17. Bb2 Bf6 18. Ba3 Qb6 19. Qh5 Nxd3 20. Bxf8 Rxf8 21.
Red1 Nb2 22. c5 Qd8 23. Rf1 d3 24. Ne3 Qd4 25. Rab1 a4 26. Qf3 Qxc5 27. bxa4 d2
28. Qe4 Rd8 29. Nd1 Nc4 30. Rb3 h5 31. h4 Ne5 32. Kg2 Rd4 33. Rb8+ Bd8 34. Qe2
Qd5+ 35. Kh3 Nf3 36. Rxd8+ Qxd8 37. Qxf3 c5 38. Qxh5 Rxa4 39. Qxc5 Qd3 40. Kg2
Rxa2 41. Qc8+ Kh7 42. Qc3 Qd6 43. Qf3 Kg8 44. Ne3 Ra3 45. Rd1 Rd3 46. Kg1 Rd4
47. Nf1 f5 48. Qe2 f4 49. Rxd2 fxg3 50. Rxd4 Qxd4 51. Qxe6+ 1-0

[Event "Lichtenberger Sommer 2017"]
[Site "Berlin"]
[Date "2017.08.22"]
[Round "4.3"]
[White "Ahmadinia, Ebrahim"]
[Black "Brustkern, Jürgen"]
[Result "1/2-1/2"]
[WhiteElo "2398"]
[BlackElo "2255"]
[PlyCount "44"]
[EventDate "2017.??.??"]
[WhiteTeam "SF 1903 Berlin"]
[BlackTeam "SC Zugzwang 95 (Berlin)"]

1. e4 e5 2. Nc3 Nf6 3. g3 Bc5 4. Bg2 d6 5. Nge2 Nc6 6. Na4 Be6 7. d3 Qd7 8. h3
Nd4 9. Nxc5 dxc5 10. f4 Qe7 11. O-O O-O-O 12. f5 Bd7 13. c3 Nxe2+ 14. Qxe2 Bb5
15. c4 Bc6 16. a3 Qd6 17. Rf3 a5 18. Bf1 b6 19. Be3 a4 20. Qc2 Kb7 21. Be2 Ra8
22. Kf1 Nd7 1/2-1/2

[Event "Lichtenberger Sommer 2017"]
[Site "Berlin"]
[Date "2017.08.22"]
[Round "4.4"]
[White "Möller, Dustin"]
[Black "Radovanovic, Jovica"]
[Result "0-1"]
[WhiteElo "2081"]
[BlackElo "2357"]
[PlyCount "86"]
[EventDate "2017.??.??"]
[WhiteTeam "Eckernförder SC"]
[BlackTeam "vereinslos"]

1. d4 Nf6 2. Nf3 g6 3. c4 Bg7 4. Nc3 O-O 5. e4 Na6 6. Be2 d6 7. O-O e5 8. d5
Nc5 9. Qc2 a5 10. Bg5 h6 11. Be3 b6 12. Nd2 Bg4 13. Bxc5 bxc5 14. Bxg4 Nxg4 15.
Nb5 h5 16. a4 Bh6 17. h3 Nf6 18. Rfe1 h4 19. Nf1 Nh5 20. Ne3 Bg7 21. Ra3 Nf4
22. Kh2 Qd7 23. Rb3 f5 24. Nc3 Nh5 25. Rb5 Rf7 26. Ncd1 Bh6 27. Qe2 Nf6 28. Nc3
Kg7 29. exf5 gxf5 30. Qf3 Bxe3 31. Qxe3 f4 32. Qf3 Qf5 33. Ne4 Nxe4 34. Rxe4
Kf6 35. Re2 Rg7 36. Qc3 Rxg2+ 37. Kxg2 f3+ 38. Kf1 Qxh3+ 39. Ke1 Qh1+ 40. Kd2
fxe2 41. Kxe2 Qe4+ 42. Kf1 Rg8 43. Rb3 Rg4 0-1

[Event "Lichtenberger Sommer 2017"]
[Site "Berlin"]
[Date "2017.08.22"]
[Round "4.5"]
[White "Buehler, Florian"]
[Black "Kalka, Arkadius Georg"]
[Result "0-1"]
[WhiteElo "2063"]
[BlackElo "2323"]
[PlyCount "88"]
[EventDate "2017.??.??"]
[WhiteTeam "Spgem Kötz/Ichenhausen"]
[BlackTeam "SC Hansa Dortmund"]

1. d4 Nf6 2. c4 g6 3. f3 Bg7 4. e4 d6 5. Nc3 O-O 6. Bg5 b6 7. Qd2 c5 8. d5 Re8
9. Bd3 Nbd7 10. f4 a6 11. a4 e6 12. dxe6 Rxe6 13. Nf3 Qc7 14. O-O Bb7 15. Rae1
Rae8 16. Qc2 Qb8 17. Re2 Nh5 18. g4 Nhf6 19. h3 Rc8 20. Bh4 Ree8 21. Bg3 Nf8
22. f5 N8d7 23. Ref2 b5 24. axb5 axb5 25. g5 Nh5 26. Bh2 gxf5 27. e5 Nxe5 28.
Nxe5 Bxe5 29. Bxe5 Rxe5 30. Bxf5 Rce8 31. Bxh7+ Kh8 32. Rf5 d5 33. Nxd5 bxc4
34. Nf4 Nxf4 35. R1xf4 Ba8 36. Rxf7 Re1+ 37. Kf2 R1e2+ 38. Qxe2 Rxe2+ 39. Kxe2
Qxb2+ 40. Kd1 Qa1+ 41. Ke2 Qe5+ 42. Kd1 Bd5 43. g6 Bxf7 44. Rxf7 Qd4+ 0-1

[Event "Lichtenberger Sommer 2017"]
[Site "Berlin"]
[Date "2017.08.22"]
[Round "4.6"]
[White "Dittrich, Tom"]
[Black "Schneider, Christian"]
[Result "0-1"]
[WhiteElo "1943"]
[BlackElo "2215"]
[PlyCount "82"]
[EventDate "2017.??.??"]
[WhiteTeam "SG Stadtilm"]
[BlackTeam "SG Stadtilm"]

1. e4 c5 2. Nf3 d6 3. d4 cxd4 4. Nxd4 Nf6 5. Nc3 a6 6. Be3 e5 7. Nb3 Be7 8. h3
Be6 9. Qf3 Qc7 10. g4 h6 11. O-O-O Nbd7 12. Nd5 Bxd5 13. exd5 Rc8 14. Bd3 a5
15. Rde1 a4 16. Nd4 exd4 17. Bxd4 Ne5 18. Bxe5 dxe5 19. Bb5+ Kf8 20. Bxa4 g6
21. d6 Qxd6 22. Qxb7 Rb8 23. Qc6 Qd4 24. Bb3 Kg7 25. Qc4 Qxc4 26. Bxc4 Bc5 27.
Rxe5 Bd4 28. Rb5 Bxf2 29. Rxb8 Rxb8 30. c3 h5 31. gxh5 Nxh5 32. Kc2 f5 33. b4
Ng3 34. Ra1 Ne4 35. a4 Rc8 36. Kd3 Ba7 37. Bd5 Rxc3+ 38. Ke2 Re3+ 39. Kf1 Rxh3
40. Bxe4 fxe4 41. Kg2 Rb3 0-1

[Event "Lichtenberger Sommer 2017"]
[Site "Berlin"]
[Date "2017.08.22"]
[Round "4.7"]
[White "Amelang, Thomas"]
[Black "Berger, Steve"]
[Result "0-1"]
[WhiteElo "2178"]
[BlackElo "2412"]
[PlyCount "92"]
[EventDate "2017.??.??"]
[WhiteTeam "Münchener SC"]
[BlackTeam "SK König Tegel"]

1. e4 e6 2. d4 d5 3. exd5 exd5 4. Bd3 c5 5. dxc5 Bxc5 6. Nf3 Nf6 7. h3 O-O 8.
O-O Nc6 9. Nbd2 Re8 10. Nb3 Bb6 11. c3 Qd6 12. Nbd4 Nxd4 13. cxd4 Ne4 14. Re1
Bf5 15. Be3 Bc7 16. Rc1 Re7 17. Re2 Rae8 18. a3 Bg6 19. Rec2 Bh5 20. Be2 Bxf3
21. Bxf3 Qh2+ 22. Kf1 Bf4 23. Rc8 Ng3+ 24. fxg3 Bxe3 25. R1c7 Re6 26. Rxe8+
Rxe8 27. Rxb7 Qg1+ 28. Ke2 Bf4+ 29. Kd3 Qe3+ 30. Kc2 Rc8+ 31. Kb1 Rc1+ 32. Qxc1
Qxc1+ 33. Ka2 Qc4+ 34. Ka1 Bc7 35. Rxa7 g6 36. Rb7 Qc6 37. Bxd5 Qxd5 38. Rxc7
Qxd4 39. Rc3 Qd1+ 40. Ka2 Qd5+ 41. Kb1 Qxg2 42. h4 Qe4+ 43. Kc1 Qd4 44. Kc2 f5
45. b3 Qf2+ 46. Kb1 Qd2 0-1

[Event "Lichtenberger Sommer 2017"]
[Site "Berlin"]
[Date "2017.08.22"]
[Round "4.8"]
[White "Von Herman, Ulf"]
[Black "Behrmann, Joachim"]
[Result "1/2-1/2"]
[WhiteElo "2354"]
[BlackElo "2206"]
[PlyCount "50"]
[EventDate "2017.??.??"]
[WhiteTeam "SK König Tegel"]
[BlackTeam "SK Zehlendorf"]

1. d4 d5 2. c4 e6 3. Nf3 c5 4. cxd5 exd5 5. g3 Nc6 6. Bg2 Nf6 7. O-O Be7 8.
dxc5 Bxc5 9. a3 O-O 10. b4 Be7 11. Bb2 Ne4 12. Nbd2 Bf6 13. Bxf6 Qxf6 14. Nxe4
dxe4 15. Nd2 e3 16. fxe3 Qh6 17. Rf4 Ne5 18. Nf1 Qb6 19. Rc1 Be6 20. Qd4 f6 21.
a4 Rfd8 22. Qxb6 axb6 23. Rd4 Rd7 24. Ra1 Nc6 25. Bxc6 bxc6 1/2-1/2

[Event "Lichtenberger Sommer 2017"]
[Site "Berlin"]
[Date "2017.08.22"]
[Round "4.9"]
[White "Jaeschke, Jens-Uwe"]
[Black "Heinig, Wolfram"]
[Result "1/2-1/2"]
[WhiteElo "2119"]
[BlackElo "2328"]
[PlyCount "56"]
[EventDate "2017.??.??"]
[WhiteTeam "SF Nordost Berlin"]
[BlackTeam "SK Zehlendorf"]

1. d4 Nf6 2. Nf3 g6 3. Nc3 d5 4. Bf4 Bg7 5. Qd2 O-O 6. Bh6 c5 7. dxc5 Nc6 8.
Bxg7 Kxg7 9. e3 e5 10. Rd1 Be6 11. Bb5 Qc7 12. O-O Rad8 13. Qe2 d4 14. exd4
Nxd4 15. Nxd4 exd4 16. Ne4 Nxe4 17. Qxe4 Qxc5 18. Bd3 b6 19. Rfe1 Rd5 20. b3
Bf5 21. Qf3 Bxd3 22. Qxd3 Rfd8 23. a4 a5 24. h3 Qc7 25. Re4 Qd6 26. g3 h5 27.
h4 Rd7 28. Kg2 Qc6 1/2-1/2

[Event "Lichtenberger Sommer 2017"]
[Site "Berlin"]
[Date "2017.08.22"]
[Round "4.10"]
[White "Förster, Jonas"]
[Black "Roth, Josef"]
[Result "1/2-1/2"]
[WhiteElo "2330"]
[BlackElo "2032"]
[PlyCount "64"]
[EventDate "2017.??.??"]
[WhiteTeam "SV Empor Berlin"]
[BlackTeam "SK König Tegel"]

1. d4 d5 2. Nf3 e6 3. c4 Nf6 4. Nc3 c6 5. e3 Be7 6. g4 O-O 7. g5 Ne4 8. Nxe4
dxe4 9. Nd2 Bxg5 10. Nxe4 Be7 11. Bg2 Nd7 12. O-O Nf6 13. Ng3 Qc7 14. f4 c5 15.
d5 exd5 16. cxd5 Bg4 17. Qe1 Bd7 18. e4 c4 19. Kh1 Rfe8 20. Qc3 a5 21. e5 Bb4
22. Qc2 Ng4 23. Be4 g6 24. Qg2 Kh8 25. d6 Qb6 26. Bxb7 Rac8 27. h3 Nh6 28. Be4
Nf5 29. Nxf5 gxf5 30. Bf3 Rg8 31. Qf2 Bc5 32. Qh4 Rg6 1/2-1/2

[Event "Lichtenberger Sommer 2017"]
[Site "Berlin"]
[Date "2017.08.22"]
[Round "4.11"]
[White "Petersen, Soren Boeck"]
[Black "Neumann, Thomas"]
[Result "1-0"]
[WhiteElo "2226"]
[BlackElo "2128"]
[PlyCount "33"]
[EventDate "2017.??.??"]
[WhiteTeam "Damhus Skakklub"]
[BlackTeam "Borussia Friedrichsfelde"]

1. e4 d5 2. exd5 Qxd5 3. Nc3 Qa5 4. d4 c6 5. Nf3 Nf6 6. Bc4 Bf5 7. Bd2 e6 8.
Nd5 Qd8 9. Nxf6+ gxf6 10. O-O Nd7 11. Re1 Qc7 12. Nh4 Bg6 13. Bxe6 fxe6 14.
Rxe6+ Kf7 15. Qe2 Bd6 16. Re1 Rhe8 17. Rxe8 1-0

[Event "Lichtenberger Sommer 2017"]
[Site "Berlin"]
[Date "2017.08.22"]
[Round "4.12"]
[White "Sieglen, Joachim"]
[Black "Schliebener, Stephan"]
[Result "1-0"]
[WhiteElo "2228"]
[BlackElo "2126"]
[PlyCount "53"]
[EventDate "2017.??.??"]
[WhiteTeam "SC Untergrombach"]
[BlackTeam "BSV 63 Chemie Weißensee"]

1. d4 c5 2. d5 e5 3. e4 d6 4. Bb5+ Nd7 5. a4 a6 6. Be2 Ne7 7. Nf3 Ng6 8. O-O
Be7 9. Nc3 Nf4 10. Nd2 h5 11. Nc4 Nxe2+ 12. Qxe2 g5 13. a5 b5 14. axb6 Nxb6 15.
Na5 Qc7 16. Nc6 f6 17. Be3 h4 18. Rfb1 g4 19. b4 c4 20. b5 a5 21. Na4 Nxa4 22.
Rxa4 g3 23. b6 Qd7 24. Rxa5 h3 25. fxg3 hxg2 26. Rxa8 Rxh2 27. Rxc8+ 1-0